General Sanjurjo : (un laureado en el penal del Dueso) / Teniente General Emilio Esteban-Infantes (un laureado en el penal del Dueso) / Teniente General Emilio Esteban-Infantes
Descripción Física:
323 p., [4] f., [10] làm., 5 map. pleg. ; 20 cm
Colección:
Colección La epopeya y sus héroes
MARC
| LEADER | 00000nam a2200000Ia 4500 | ||
|---|---|---|---|
| 001 | 1036 | ||
| 008 | 160829s1957 xx 000 0 cat d | ||
| 080 | |a M-3-31 | ||
| 100 | |a Esteban-Infantes, Emilio |9 24501 | ||
| 245 | |a General Sanjurjo : |b (un laureado en el penal del Dueso) / Teniente General Emilio Esteban-Infantes | ||
| 260 | |a Barcelona : |b AHR, |c 1957 | ||
| 300 | |a 323 p., [4] f., [10] làm., 5 map. pleg. ; |c 20 cm | ||
| 490 | |a Colección La epopeya y sus héroes | ||
| 650 | |a Sanjurjo Sacanell, José |9 24502 | ||
| 650 | |a Militars |x Biografia |9 24019 | ||
| 901 | |a Arxiu | ||
| 942 | |n 1 | ||
| 952 | |0 0 |1 0 |4 0 |6 M331 |7 1 |9 43186 |a Arxiu |b Arxiu |d 2016-12-01 |l 0 |o M-3-31 |p 1036 |r 2016-12-01 00:00:00 |w 2016-12-01 |y ARXIU | ||
| 999 | |c 45730 |d 45730 | ||